Представление документа в формате RUSMARC

ПолеНазваниеЗначение
  Тип записи a
  Библиографический уровень m
001 Контрольный номер RU/SLIB/B/208738521
005 Дата корректировки 20201206204047.6
010 Индекс ISBN __
a ISBN 5-04-005394-0
d Цена 218-50
101 Язык документа 0_
a Язык текста rus
200 Заглавие и сведения об ответственности 0_
a Заглавие Анатомия для художников
f Первые сведения об ответственности Е. Барчаи
b Общее обозначение материала Текст
210 Выходные данные __
a Место издания М.
c Издательство ЭКСМО
d Дата издания 2001
215 Физическое описание __
a Объем 344 с.
225 Серия __
a Серия Классическая библиотека художника
330 Аннотация __
a Аннотация Справочник для начинающего художника при изучении строения человеческого тела. Представлены анатомические рисунки.
606 Тематические рубрики __
a Основная рубрика Изобразительное искусство и архитектура
606 Тематические рубрики __
a Основная рубрика Виды и жанры графики
610 Ключевые слова __
a Ключевые слова рисование фигуры
a Ключевые слова рисунок; скелеты; мышцы; суставы; череп; эскизы; тело; пропорции тела; строение тела; кости; анатомия; человек; гистология
a Ключевые слова техника рисунка
a Ключевые слова учебный рисунок
686 Индексы других классификаций __
a Классификационный индекс 85.154.7
700 Автор _1
a Фамилия Барчаи
b Имя Е.
4 Код отношения 070
801 Источник записи _0
a Страна RU
b Организация Муниципальное бюджетное учреждение культуры "Централизованная библиотечная система" г. Сургут (Центральная городская библиотека им. А. С. Пушкина)
g Правила каталогизации КиК/Тесленко
801 Источник записи _1
a Страна RU
b Организация Муниципальное бюджетное учреждение культуры "Централизованная библиотечная система" г. Сургут (Центральная городская библиотека им. А. С. Пушкина)
g Правила каталогизации КиК/Тесленко
852 Данные о местонахождении __
j Шифр хранения 85.154.7
c Каталожный индекс 85.15
i Авторский знак Б 26
p Инвентарный номер 03060813
901 Тип документа __
t Тип документа m
903 Характеристики (МАРС) __
a Дата передачи 20030601
990 Данные о заказе (DOS) __
j Количество экземпляров (DOS) 1
t N записи в КСУ для И/У (DOS) 200306